A short history of international organization.

Bibliographic Details
Main Author: Mangone, Gerard J.
Format: Book
Language:English
Published: New York : McGraw-Hill, 1954.
Series:McGraw-Hill series in political science.
Subjects:

MARC

Tag First Indicator Second Indicator Subfields
LEADER 00000cam a2200000 4500
001 in00000066108
005 20151008051246.0
008 701120s1954 nyu b 00100 eng
010 |a  53010619  
035 |a (OCoLC)00688584 
035 |9 AAG6810AM 
040 |a DLC  |c DLC  |d TXA  |d UtOrBLW 
049 |a TXAM  |c [234426] 
050 0 0 |a JX1938  |b .M25 
082 0 |a 341.1109 
092 |a 341.1  |b M277s 
100 1 |a Mangone, Gerard J. 
245 1 2 |a A short history of international organization. 
264 1 |a New York :  |b McGraw-Hill,  |c 1954. 
300 |a 326 pages ;  |c 24 cm. 
336 |a text  |b txt  |2 rdacontent 
337 |a unmediated  |b n  |2 rdamedia 
338 |a volume  |b nc  |2 rdacarrier 
490 1 |a McGraw-Hill series in political science 
650 0 |a International organization  |x History. 
830 0 |a McGraw-Hill series in political science. 
999 |a MARS 
999 f f |s b382793c-bff1-39ec-a1a5-6a0e82939c50  |i c93b25a2-3460-34bc-9242-3b81b8472a52  |t 0 
952 f f |p ric  |a Texas A&M University  |b Rellis Campus  |c Joint Library Facility  |d Remote Storage  |t 0  |e JX1938 .M25  |h Library of Congress classification  |i unmediated -- volume  |m A14800782316 
998 f f |a JX1938 .M25  |t 0  |l Remote Storage